MARC

LEADER 00000nam0a2200000 4500
001 300947
005 20231102001343.0
035 |a (RuTPU)RU\TPU\book\326100 
090 |a 300947 
100 |a 20150721d1983 m y0rusy50 ca 
101 0 |a rus 
102 |a RU 
105 |a a z 001zy 
200 1 |a Бермудский треугольник  |e мифы и реальность  |f Л. Д. Куше  |g авт. послесл. Л. М. Бреховских 
210 |a Москва  |c Прогресс  |d 1983 
215 |a 351 с.  |c ил. 
320 |a Библиогр.: с. 318-331 
606 1 |a Бермудский треугольник  |x Неразгаданные явления природы  |2 stltpush  |3 (RuTPU)RU\TPU\subj\28270  |9 51815 
610 1 |a морские суда 
610 1 |a самолеты 
610 1 |a исчезновение 
610 1 |a Атлантический океан 
610 1 |a Бермуды 
610 1 |a мифы 
610 1 |a реальность 
675 |a 55:001.19  |v 4 
700 1 |a Куше  |b Л. Д.  |g Лоуренс 
702 1 |a Бреховских  |b Л. М.  |4 075 
801 1 |a RU  |b 63413507  |c 20150721 
801 2 |a RU  |b 63413507  |c 20180621  |g RCR 
942 |c BK